| 000 | 00791cam a22002895a 4500 | ||
|---|---|---|---|
| 001 | 007840108 | ||
| 003 | OSt | ||
| 005 | 20180225115352.0 | ||
| 008 | 040210s2002 enka fr 001 0 eng d | ||
| 020 | _a1861526024 | ||
| 020 | _a9781861526021 | ||
| 040 |
_aUk _cUk _beng _dEG-ScBUE |
||
| 082 | 0 | 4 |
_a658.87 _222 _bSUL |
| 100 | 1 | _aSullivan, Malcolm. | |
| 245 | 1 | 0 |
_aRetail marketing / _cMalcolm Sullivan, Dennis Adcock. |
| 250 | _a1st ed. | ||
| 260 |
_aLondon : _bThomson, _c2002. |
||
| 300 |
_ax, 350 p. : _bill. ; _c25 cm. |
||
| 500 | _aIncludes index. | ||
| 541 | _aDonation from David Kirby. | ||
| 650 | 7 |
_aRetail trade. _2BUEsh _912734 |
|
| 650 | 7 |
_aMarketing. _2BUEsh _94499 |
|
| 651 | _2BUEsh | ||
| 653 |
_bGGEN _cFebruary2018 |
||
| 700 | 1 |
_aAdcock, Dennis. _935022 |
|
| 942 | _2ddc | ||
| 999 |
_c26166 _d26138 |
||